<?xml version="1.0" encoding="UTF-8"?>
<record
    xmlns:xsi="http://www.w3.org/2001/XMLSchema-instance"
    xsi:schemaLocation="http://www.loc.gov/MARC21/slim http://www.loc.gov/standards/marcxml/schema/MARC21slim.xsd"
    xmlns="http://www.loc.gov/MARC21/slim">

  <leader>00933nam a2200205 a 4500</leader>
  <controlfield tag="001">000034719</controlfield>
  <controlfield tag="005">20200930073848.0</controlfield>
  <controlfield tag="008">111019s1991    ve            000 0 spa d</controlfield>
  <datafield tag="020" ind1=" " ind2=" ">
    <subfield code="a">9800101640</subfield>
  </datafield>
  <datafield tag="040" ind1=" " ind2=" ">
    <subfield code="a">DO-SdBNP</subfield>
    <subfield code="b">spa</subfield>
    <subfield code="c">BNPHU</subfield>
  </datafield>
  <datafield tag="100" ind1="1" ind2=" ">
    <subfield code="a">Pic&#xF3;n-Salas, Mariano,</subfield>
    <subfield code="d">1901-1965</subfield>
    <subfield code="9">9942</subfield>
  </datafield>
  <datafield tag="245" ind1="1" ind2="0">
    <subfield code="a">Viajes y estudios latinoamericanos :</subfield>
    <subfield code="b">P&#xE1;ginas de Chile y Per&#xFA; ; Gusto de M&#xE9;xico ; Im&#xE1;genes y retratos /</subfield>
    <subfield code="c">Mariano Pic&#xF3;n-Salas ; introducci&#xF3;n Jos&#xE9; Balza ; edici&#xF3;n, notas y variantes Cristian &#xC1;lvarez ; proyecto y selecci&#xF3;n de Guillermo Sucre.</subfield>
  </datafield>
  <datafield tag="260" ind1=" " ind2=" ">
    <subfield code="a">Caracas :</subfield>
    <subfield code="b">Monte &#xC1;vila Editores,</subfield>
    <subfield code="c">1991.</subfield>
  </datafield>
  <datafield tag="300" ind1=" " ind2=" ">
    <subfield code="a">xv, 294 p. ;</subfield>
    <subfield code="c">22 cm.</subfield>
  </datafield>
  <datafield tag="490" ind1="0" ind2=" ">
    <subfield code="a">Biblioteca Mariano Pic&#xF3;n-Salas ;</subfield>
    <subfield code="v">4</subfield>
  </datafield>
  <datafield tag="505" ind1="0" ind2=" ">
    <subfield code="a">contenido:</subfield>
    <subfield code="t">P&#xE1;ginas de Chile y Per&#xFA;. --</subfield>
    <subfield code="t">Gusto de M&#xE9;xico. --</subfield>
    <subfield code="t">Im&#xE1;genes y retratos.</subfield>
  </datafield>
  <datafield tag="700" ind1="1" ind2=" ">
    <subfield code="a">Balza, Jos&#xE9;,</subfield>
    <subfield code="e">intr.</subfield>
    <subfield code="9">20661</subfield>
  </datafield>
  <datafield tag="700" ind1="1" ind2=" ">
    <subfield code="a">&#xC1;lvarez, Cristian,</subfield>
    <subfield code="e">ed.</subfield>
    <subfield code="9">60175</subfield>
  </datafield>
  <datafield tag="700" ind1="1" ind2=" ">
    <subfield code="a">Sucre, Guillermo,</subfield>
    <subfield code="e">sel.</subfield>
    <subfield code="9">6249</subfield>
  </datafield>
  <datafield tag="952" ind1=" " ind2=" ">
    <subfield code="0">0</subfield>
    <subfield code="1">0</subfield>
    <subfield code="5">0</subfield>
    <subfield code="7">-1</subfield>
    <subfield code="8">MO</subfield>
    <subfield code="a">GR</subfield>
    <subfield code="b">GR</subfield>
    <subfield code="c">OI</subfield>
    <subfield code="d">2011-10-19</subfield>
    <subfield code="i">LF1</subfield>
    <subfield code="l">0</subfield>
    <subfield code="o"> </subfield>
    <subfield code="p">34719-10</subfield>
    <subfield code="r">2020-06-25</subfield>
    <subfield code="w">2020-06-25</subfield>
    <subfield code="y">1</subfield>
    <subfield code="z">Biblioteca Juan Isidro Jim&#xE9;nes Grull&#xF3;n</subfield>
    <subfield code="Z">No se presta</subfield>
  </datafield>
  <datafield tag="999" ind1=" " ind2=" ">
    <subfield code="c">34210</subfield>
    <subfield code="d">34210</subfield>
  </datafield>
</record>
